000 00731nam a2200289Ia 4500
005 20260324142107.0
008 008 260324s9999 xx 000 0 eng d
020 _a9781315863726
037 _aEBOOK
040 _aCRL
040 _beng
040 _cCRL
041 _2eng
041 _aeng
084 _qCRL
100 _aErdener Kaynak; Yasutaka Sai
_91210663
245 4 _aThe Eight Core Values of the Japanese Businessman
245 0 _bToward an Understanding of Japanese Management
260 _bTaylor and Francis
260 _c1995
365 _a
365 _b59.99
856 _uhttp://www.taylorfrancis.com/books/9781315863726
942 _cEBOOK
999 _c1814456
_d1814456